Normal view
MARC view
- Internet addresses
Entry Topical Term
001 - CONTROL NUMBER
- control field: 112793
003 - CONTROL NUMBER IDENTIFIER
- control field: NUST
005 - DATE AND TIME OF LATEST TRANSACTION
- control field: 20230529145113.0
008 - FIXED-LENGTH DATA ELEMENTS
- fixed length control field: 230529|| aca||aabn | a|a d
040 ## - CATALOGING SOURCE
- Original cataloging agency: NUST
- Transcribing agency: NUST
150 ## - HEADING--TOPICAL TERM
- Topical term or geographic name entry element: Internet addresses
- General subdivision: Directories
670 ## - SOURCE DATA FOUND
- Source citation: Work cat.: (NUST)178997: Kyle, James, 112791, Software developer's Internet directory /, c1996.
